Výsledky ročných zisťovaní v priemysle SR podľa závodov v roku 1992 z výkazov PRIEM Z 3-01 a PIEM Z 4-01

Salvato in:
Dettagli Bibliografici
Natura: Libro
Lingua:slovacco
Pubblicazione: Bratislava Štatistický úrad SR 1993
Serie:Štatistické čísla a grafy
Soggetti:
Tags: Aggiungi Tag
Nessun Tag, puoi essere il primo ad aggiungerne!!

MARC

LEADER 00000nam a2200000 4500
001 c004109
005 20260219073202.0
041 0 |a slo 
044 |a SK 
245 1 0 |a Výsledky ročných zisťovaní v priemysle SR podľa závodov v roku 1992 z výkazov PRIEM Z 3-01 a PIEM Z 4-01 
264 1 |a Bratislava  |b Štatistický úrad SR  |c 1993 
300 |a 47 s. 
490 1 |a Štatistické čísla a grafy 
830 0 |a Štatistické čísla a grafy 
610 2 0 |a Slovensko 
610 2 0 |a priemysel 
610 2 0 |a podnik priemyselný 
610 2 0 |a výroba 
610 2 0 |a tržby 
610 2 0 |a mzdy priemerné 
610 2 0 |a prostriedky základné 
610 2 0 |a zamestnanci